00435nam a2200169Ia 4500001000900000003000500009005001700014008004100031010001100072040001800083100001600101245006400117260003700181300001000218500001700228650002000245dia_4312CHAP20251029163444.0220117s1999 xx 000 0 und d a174943 cCHAPamxchpua aFrigus Bohn aCatálogo de productos de refrigeración /c Frigus Bohn aMéxico :b Frigus Bohn,c1999 a85 p. aD. Fotocopia aRefrigeración